000 03672nam a22003137i 4500
001 TCPA 45
003 gtcocun
005 20250911170904.0
006 a||||gr|||| 00| 0
008 250911b2017 gt ||||| m||| 00| 0 eng d
040 _agtcocun
_bSPA
_cgtcocun
_eRDA
041 _aSPA
084 _0TCPA 45
100 _aLópez, Luvy Yasuara
_eAutor
245 _a Informe final del Ejercicio Profesional Supervisado, realizado en Grupo Constructor, S.A. Cobán, Alta Verapaz/
_cLuvy Yasuara López
_hImpreso
264 _aCobán, Alta Verapaz:
_bUniversidad de San Carlos de Guatemala, Centro Universitario del Norte, Licenciatura en Contaduría Pública y Auditoría.
_c2017
300 _a41 p.:
_bIlustraciones, gráficas.
_c28 cm; PDF
336 _2rdacontenido
_aTexto
_btxt
337 _2rdamedio
_aComputadora
_bn
338 _2rdasoporte
_aCódigo en línea
_bcr
502 _e.
502 _aTesis de grado
_bLicenciatura en Contaduría Pública y Auditoría.
_cUniversidad de San Carlos de Guatemala, Centro Universitario del Norte, Licenciatura en Contaduría Pública y Auditoría.
_d2017
_oTCPA 45
520 1 4 _aLa Universidad de San Carlos de Guatemala ente máximo de educación superior estatal en Guatemala, a través del Centro Universitario del Norte, implementó el Ejercicio Profesional Supervisado (EPS) para la facultad de Ciencias Económicas; para la carrera de Contaduría Pública y Auditoría (CPA). Orientada a que el estudiante se haga partícipe y conozca aspectos de realidad económica del país dentro de las entidades públicas y privadas. Grupo Constructor, Sociedad Anónima, es una empresa lucrativa, dedicada a la construcción de obra civil y arrendamiento de maquinaria pesada, prestando servicios en el área de Cobán, trabajando principalmente con empresas del sector privado. En el progreso del EPS durante la etapa de diagnóstico se identificó la siguiente problemática: incertidumbre en el rubro de activos fijos, desactualización de información contable e incertidumbre en el pago de tributos. Jerarquizados en orden de prioridad a través de la herramienta del diagrama de Pareto. Para la intervención de cada uno de los problemas mencionados se elaboró un plan de trabajo, que contenía actividades específicas, las cuales se desarrollaron en el siguiente orden: etapas de una auditoría especial al rubro de activos fijos para los períodos 2010-2013; actualización de información contable para los períodos 2010-2013; y desarrollo de una auditoría tributaria preventiva para años 2012-2013. Como resultado de la ejecución, la empresa cuenta con: activos detallados y cálculo de depreciaciones. Para establecer la razonabilidad de los estados financieros se actualizó la información contable. La auditoría tributaria preventiva permitió establecer los riesgos fiscales y como realizar una oportuna tributación. Las intervenciones ejecutadas aportan eficiencia a la entidad, generan información oportuna, veraz y útil para la toma de decisiones, así como seguridad financiera para la administración, clientes y proveedores. Lo que contribuye a la gerencia y al departamento contable a enfocarse en la solución de problemas y poseer veracidad en la información contable, financiera y tributaria.
650 1 4 _2LEMB
_aCobán, Alta Verapaz.
_xactivos fijos
_xestados financieros
_xauditoría tributaria
700 _aLic. Selvin Wotzbelli Castellanos Reyes
_eAsesor
856 _uhttps://drive.google.com/file/d/1FO6yZpGf6y_ttxr7ETfoaSQuA_3dJCbV/view?usp=sharing
_yPDF
_zUn ejemplar en línea.
942 _2ddc
_cTES
_iTCPA_45
_kClasificación
_n0
_6TCPA__45
999 _c1797
_d1797